Kráčame s dobou? Ústredná knižnica Filozofickej fakulty Univerzity Komenského - problémy, riešenia, perspektívy

Bibliographic Details
Main Author: Gondová, Daniela, 1953- (Author)
Format: Article
Language:Slovak
PhysicalDescription:Lit. 8 zázn. v angl., slov.
ISSN:0322-807X
Subjects:

MARC

LEADER 00000nab a2200000 a 4500
001 vtls000496537
003 SK-MaSNL
005 20260304235313.0
008 230120c1993 xo 0 slo
015 |a SNBRB19rr/mm-uuuuu 
035 |a CL0496675 
035 |a urn:nbn:sk:snk-ab6ic8 
035 |a (uuid)fb67e365-a0ef-4228-8bd0-572acc095e61 
035 |a (urnnbn)urn:nbn:sk:snk:ar-003s9g 
040 |a SNKBUCL  |b slo  |c SNKBUCL  |e AACR2 
041 0 |a slo 
044 |a xo  |c SK 
080 |a 027.7  |2 1981 
080 |a 378.4.096:1  |2 1981 
100 1 |a Gondová, Daniela,  |d 1953-  |4 aut  |9 120557 
245 1 0 |a Kráčame s dobou?  |b Ústredná knižnica Filozofickej fakulty Univerzity Komenského - problémy, riešenia, perspektívy  |c Daniela Gondová 
300 |b Lit. 8 zázn. v angl., slov. 
650 0 7 |a Ústredná knižnica FF UK, Bratislava  |2 snkbucl  |9 1572655 
655 7 |a články z novín a časopisov  |2 snkbucl  |9 267496 
655 7 |a články z odboru knihovníctvo  |2 snkbucl  |9 166141 
773 0 |t Knižnice a informácie  |g Roč. 25, č. 11 (1993), s. 461-465  |x 0322-807X 
850 |a Slovenská národná knižnica v Martine  |a MTA001 
852 |a SNK  |b KIS3GCP 
954 |a odborná, vedecká literatúra pôvodná (slovenská)  |2 lita 
957 |a 5100 
958 |a RK 
958 |a KL 
958 |a OND 
958 |a EUIPO 
958 |a article2022 
992 |a RBX 
999 |c 3208333  |d 3210263